| 000 | 01094nam a22002057a 4500 | ||
|---|---|---|---|
| 005 | 2010072907447.0 | ||
| 010 | _aHIN-89769 | ||
| 020 |
_c150.00 _a9788128823930 |
||
| 035 | _aHN-62115 | ||
| 037 | _bDBAD / PUB | ||
| 082 | _a133.5 | ||
| 100 |
_aशर्मा, वी.के. _92313 |
||
| 245 |
_aचमत्कारी हस्तरेखाएं: _cवी.के.शर्मा _bहस्तरेखाओं की सम्पूर्ण गाइड / |
||
| 260 |
_aनई दिल्ली _bडायमंड पॉकेट बुक्स _c2010 |
||
| 270 |
_aX-30,ओखला इंडस्ट्रियल एरिया, फेज-11 _bनई दिल्ली _e110020 _k011 41611861 _l011 41611866 _msales@dpb.in |
||
| 300 |
_a200पृ _c22सेमी (अजिल्द) _bसचित्र |
||
| 700 | _92266 | ||
| 942 |
_2ddc _cHN _h133.5 _mशर्मावी |
||
| 999 |
_c38151 _d38151 |
||